01014nam a22002057a 4500003000900000008004100009040007100050082002200121110001900143245007100162260008000233300003700313440004300350505027700393650001500670650002600685650004500711650002500756710002700781AR-CdUCM190327b ||||| |||| 00| 0 spa d aMUNICIPALIDAD PROVINCIAL DEL CUSCOcBIBLIOTECA MUNICIPAL DEL CUSCO a333.950985 /bC81 aPro Naturaleza aConservación de la diversidad biológica: El reto fundamental / aLima :bFundación Peruana para la Conservación de la Naturaleza,c1997. a34 páginas ;bfiguras,c21 cm. aSerie documentos de conservación.n8 aContenido: ¿Qué es la diversidad biológica? -- Po qué conservar la diversidad biológica -- Opciones y estrategias para el mantenimiento de la diversidad biológica -- Principios y medidas fundamentales -- Ley sobre la conservación y aprovechamiento sostenible. aDiversidad aDesarrollo sostenible aConservación de los recursos naturales aPolítica ambiental aThe Tinker Foundation.